Statistics for American TV Catchphrases #1

Click here to take the quiz!

General Stats

  • This quiz has been taken 62,210 times
    (13,189 since last reset)
  • The average score is 10 of 20

Answer Stats

CatchphraseShow% Correct
How YOU doin'?Friends
86%
Live long and prosperStar Trek
84%
They killed Kenny!South Park
80%
Eat my shortsThe Simpsons
73%
Winter is comingGame of Thrones
69%
Is that your final answer?Who Wants to Be
a Millionaire
69%
No soup for you!Seinfeld
66%
The tribe has spokenSurvivor
65%
The truth is out thereThe X Files
56%
That's what she saidThe Office
53%
This tape will self-destruct in
five seconds
Mission Impossible
49%
Book 'em Danno!Hawaii Five-O
48%
Whatchoo talkin' 'bout, WillisDiff'rent Strokes
42%
Suit up!How I Met Your Mother
42%
Save the cheerleader,
save the world
Heroes
35%
Circle gets the squareHollywood Squares
33%
Dyn-o-mite!Good Times
26%
Homey don't play dat!In Living Color
22%
Now you know, and knowing
is half the battle
G.I. Joe
19%
Big bucks, no whammiesPress Your Luck
19%

Score Distribution

Percentile by Number Answered

Percent of People with Each Score

Your Score History

You have not taken this quiz since the last reset